000
00280nam a2200109Ia 4500
008
220204s9999 xx 000 0 und d
082
_a
678
_b
MOR
100
_a
Morawetz, Herbert
245
0
_a
Polymers: The origins and growth of a science
260
_a
New York
_b
Wiley
942
_c
BK
999
_c
39191
_d
39191